Normale Ansicht MARC-Ansicht ISBD

"Sieben Raben" am Rathaus stehen zum Verkauf (Titelsatznr. 373821)

[ MARC ]
MARC-Details
000 -Satzkennung
Kontrollfeld mit fester Länge 00691nab a2200193 4500
001 - Kontrollnummer
Kontrollfeld 244442
003 - Kontrollnummer Identifier
Kontrollfeld OSt
005 - Datum und Zeit der letzten Transaktion
Kontrollfeld 20250617121754.0
007 - Feld mit fester Länge zur physischen Beschreibung - Allgemeine Information
Kontrollfeld mit fester Länge tu
008 - Feld mit fester Länge zur physischen Beschreibung - Allgemeine Angaben
Kontrollfeld mit fester Länge 200917s2020|||||||
040 ## - Katalogisierungsquelle
Original-Katalogisierungsstelle DE-2950
Übertragungsstelle DE-2950
245 00 - Titel
Titel "Sieben Raben" am Rathaus stehen zum Verkauf
Zusatz zum Titel Immobilie. Der Wohn- und Geschäftskomplex in der Innenstadt steht zum Verkauf. Dank großem Interesse potentieller Käufer könnte die Häuserzeile schon bald den Besitzer wechseln/
Verfasserangabe etc. Thomas Geuchen
264 ## - Produktion, Veröffentlichung, Distribution, Herstellung und Urheberrechtsvermerk
Datum der Herstellung, der Veröffentlichung, des Vertriebs oder des Urheberschutzvermerks 2024
653 ## - Indexierungsterm - Nicht normiert
Nicht-normierter Term Frankfurt (Oder)
653 ## - Indexierungsterm - Nicht normiert
Nicht-normierter Term "Sieben Raben"
653 ## - Indexierungsterm - Nicht normiert
Nicht-normierter Term Verkauf
773 0# - Übergeordnete Einheit
Verknüpfungsangaben 36. Jahrgang (2025) Nr. 130 vom 06.06.2025, S. 13 mit Foto
Titel Märkische Oderzeitung
942 ## - Zusätzliche Felder (Koha)
Klassifikation oder Aufstellungssystematik Andere/Generische Klassifikation
Koha-Medientyp Aufsätze
Exemplare
Ausgeschieden Verloren Klassifikation oder Aufstellungssystematik Beschädigt Nicht entleihbar Heimatbibliothek Aufenthaltsbibliothek Aufstellungsort Erwerbungsdatum Anzahl Ausleihen Signatur Letzte Aktivität Preis gültig von Koha-Medientyp
    Andere/Generische Klassifikation     Stadtarchiv Frankfurt (Oder) | Archivbibliothek Stadtarchiv Frankfurt (Oder) | Archivbibliothek Magazin 17/06/2025   Z2 17/06/2025 17/06/2025 Aufsätze